书目信息 |
| 题名: |
基于作业成本的商业银行经营决策研究
|
|
| 作者: | 郝素利 著 | |
| 分册: | ||
| 出版信息: | 北京 中国时代经济出版社 2013 |
|
| 页数: | 190页 | |
| 开本: | 24cm | |
| 丛书名: | ||
| 单 册: | ||
| 中图分类: | F830.33 | |
| 科图分类: | ||
| 主题词: | 商业银行--经营决策--研究 , 商业银行 , 经营决策 | |
| 电子资源: | ||
| ISBN: | 978-7-5119-1317-3 | |
| 000 | 01125nam0 22002771 450 | |
| 001 | 519 | |
| 005 | 20140909102146.12 | |
| 010 | @a978-7-5119-1317-3@dCNY39.00 | |
| 100 | @a20130703d2013 em y0chiy50 ea | |
| 101 | 0 | @achi |
| 102 | @aCN@b110000 | |
| 105 | @ay z 000yy | |
| 106 | @ar | |
| 200 | 1 | @a基于作业成本的商业银行经营决策研究@AJi Yu Zuo Ye Cheng Ben De Shang Ye Yin Hang Jing Ying Jue Ce Yan Jiu@dBusiness decision of commercial banks based on activity-based costing@f郝素利著@FHao Su Li Zhu@zeng |
| 210 | @a北京@c中国时代经济出版社@d2013 | |
| 215 | @a190页@d24cm | |
| 300 | @a中央高校基本科研业务费专项资金资助 | |
| 330 | @a本书运用管理学的基本原理、作业成本理论、商业银行基本理论、作业基础决策理论和客户价值理论,从理论和实务两个角度对商业银行作业成本经营决策进行了系统研究。 | |
| 510 | 1 | @aBusiness decision of commercial banks based on activity-based costing@zeng |
| 606 | 0 | @a商业银行@x经营决策@x研究 |
| 606 | 0 | @a商业银行 |
| 606 | 0 | @a经营决策 |
| 690 | @aF830.33@v5 | |
| 701 | 0 | @a郝素利@AHao Su Li@g(女,@f1979~)@4著 |
| 801 | 0 | @aCN@bTANGWEI@c20140603 |
| 905 | @b0836616-18@dF830.33@e235@f3 | |
| 基于作业成本的商业银行经营决策研究=Business decision of commercial banks based on activity-based costing/郝素利著.-北京:中国时代经济出版社,2013 |
| 190页;24cm |
| 中央高校基本科研业务费专项资金资助 |
| ISBN 978-7-5119-1317-3:CNY39.00 |
| 本书运用管理学的基本原理、作业成本理论、商业银行基本理论、作业基础决策理论和客户价值理论,从理论和实务两个角度对商业银行作业成本经营决策进行了系统研究。 |
| ● |
| 相关链接 |
|
|
|
|
正题名:基于作业成本的商业银行经营决策研究
索取号:F830.33/235
 
预约/预借
| 序号 | 登录号 | 条形码 | 馆藏地/架位号 | 状态 | 备注 |
| 1 | 0836616 | 208366169 | 第一样本阅览室/ [索取号:F830.33/235] | 在馆 | |
| 2 | 0836617 | 208366178 | 第一借阅区/ [索取号:F830.33/235] | 在馆 | |
| 3 | 0836618 | 208366187 | 密集书库-海洋学院/ [索取号:F830.33/235] | 在馆 |